ESPN Top H.S Basketball Recruit per Year - Statistics

General Stats
  • This quiz has been taken 18 times
  • The average score is 5 of 18
Answer Stats
Year University Commited Position Answer % Correct
2024 Duke SF Cooper Flagg
93%
2011 Kentucky PF Anthony Davis
57%
2013 Kansas SF Andrew Wiggins
50%
2015 LSU PF Ben Simmons
50%
2018 Duke SF R.J Barrett
43%
2019 Memphis C James Wiseman
36%
2021 Gonzaga C Chet Holmgren
29%
2020 N/A (G League Ignite) SG Jalen Green
29%
2007 UCLA C Kevin Love
29%
2010 North Carolina SF Harrison Barnes
21%
2014 Duke C Jahlil Okafor
21%
2023 USC PG Isaiah Collier
14%
2022 Duke C Dereck Lively
7%
2012 Kentucky C Nerlens Noel
7%
2009 Texas SG Avery Bradley
0%
2008 N/A (Lottomatica Roma) PG Brandon Jennings
0%
2016 Duke PF Harry Giles
0%
2017 Duke PF Marvin Bagley III
0%
No matching quizzes found
Score Distribution
Percent of People with Each Score
Percentile by Number Answered
Your Score History
You have not taken this quiz